| 000 | 02394cam a22004818i 4500 | ||
|---|---|---|---|
| 999 |
_c57465 _d57465 |
||
| 001 | 20773227 | ||
| 005 | 20200624142419.0 | ||
| 008 | 181207s2020 mau b 001 0 eng | ||
| 010 | _a 2018058317 | ||
| 020 | _a9781284151619 | ||
| 035 | _a(DNLM)101738414 | ||
| 040 |
_aDNLM/DLC _cDLC _erda |
||
| 041 | _aeng | ||
| 042 | _apcc | ||
| 050 | 0 | 0 | _aRA395.A3 |
| 060 | 1 | 0 | _aWA 33 AA1 |
| 080 | _a614+34 W-68 | ||
| 082 | 0 | 0 |
_a362.10973 _223 |
| 100 | 1 |
_aWilensky, Sara E., _eauthor. _98738 |
|
| 245 | 1 | 0 |
_aEssentials of health policy and law / _cSara E. Wilensky, Joel B. Teitelbaum. |
| 250 | _aFourth edition. | ||
| 263 | _a1903 | ||
| 264 | 1 |
_aBurlington, Massachusetts : _bJones & Bartlett Learning, _c[2020] |
|
| 300 |
_ap. ; _ccm. |
||
| 336 |
_atext _2rdacontent |
||
| 337 |
_aunmediated _2rdamedia |
||
| 338 |
_avolume _2rdacarrier |
||
| 500 | _aJoel B. Teitelbaum's name appears first in previous edition. | ||
| 504 | _aIncludes bibliographical references and index. | ||
| 505 | 0 | _aUnderstanding the role of and conceptualizing health policy and law -- Policy and the policymaking process -- Law and the legal system -- Overview of the United States healthcare system -- Public health institutions and systems -- Individual rights in health care and public health -- Social determinants of health and the role of law in optimizing health -- Understanding health insurance -- Health economics in a health policy context -- Health reform in the United States -- Government health insurance programs : Medicaid, CHIP, and Medicare -- Healthcare quality policy and law -- Public health preparedness policy -- The art of structuring and writing a health policy analysis. | |
| 650 | 1 | 2 |
_aHealth Policy _xlegislation & jurisprudence _98739 |
| 650 | 2 | 2 |
_aInsurance, Health _xlegislation & jurisprudence _98740 |
| 650 | 2 | 2 |
_aSocial Determinants of Health _98741 |
| 650 | 2 | 2 |
_aHealth Care Reform _98742 |
| 651 | 2 |
_aUnited States _98743 |
|
| 653 | _aსამართალი | ||
| 653 | _aკანონმდებლობა | ||
| 653 | _aიურისპრუდენცია | ||
| 700 | 1 |
_aTeitelbaum, Joel Bern, _eავტორი _98744 |
|
| 906 |
_a7 _bcbc _corignew _d1 _eecip _f20 _gy-gencatlg |
||
| 942 |
_2udc _cBK |
||
| 955 | _aHAND CARRY X COPIES/CIP COPY/LP COPY/ANY COPIES NEEDED FOR CONGRESSIONAL LOAN; DO NOT DISCARD; PLS CONTACT/scar, x7717 2020-02-13 | ||